Introduction to abstract algebra (Record no. 288)

MARC details
000 -LEADER
Fixed length control field 00500nam a22001937a 4500
003 - CONTROL NUMBER IDENTIFIER
Control field SEACOMMC
005 - DATE AND TIME OF LATEST TRANSACTION
Control field 20231102045522.0
008 - FIXED-LENGTH DATA ELEMENTS--GENERAL INFORMATION
Fixed length control field 231102b |||||||| |||| 00| 0 eng d
020 ## - INTERNATIONAL STANDARD BOOK NUMBER / ISBN
Price Rs. 225.00
040 ## - CATALOGING SOURCE
Original cataloging agency SEACOMMC
082 ## - DEWEY DECIMAL CLASSIFICATION NUMBER
Classification number 512.02
Book Number MCC
100 1# - MAIN ENTRY--PERSONAL NAME
Personal name McCoy, Neal H.
245 1# - TITLE STATEMENT
Title Introduction to abstract algebra
Statement of responsibility Neal H. McCoy and Gerald J. Janusz
250 ## - EDITION STATEMENT
Edition statement 6th ed.
260 ## - IMPRINT
Place of publication Elsevier
Name of publisher New Delhi
Date of publication 2005
650 ## - SUBJECT ADDED ENTRY--TOPICAL TERM
Topical term Mathematics
700 1# - ADDED ENTRY--PERSONAL NAME
Personal name Janusz, Gerald J.
942 ## - ADDED ENTRY ELEMENTS (KOHA)
Koha item type Books
Holdings
Withdrawn status Lost status Source of classification Damaged status Not for loan Home library Current library Date acquired Total Checkouts Call number Accession number Date last seen Price effective from Koha item type
    Dewey Decimal Classification     SEACOM MANAGEMENT COLLEGE SEACOM MANAGEMENT COLLEGE 07/09/2006   512.02 MCC 05461 02/11/2023 02/11/2023 Books
© Seacom Engineering College, All rights reserved.    Powered by Koha